Cities with Long Names by US State - Statistics

General Stats
  • This quiz has been taken 808 times
  • The average score is 25 of 50
Answer Stats
Hint Answer % Correct
Atlantic City New Jersey
95%
Salt Lake City Utah
93%
Philadelphia Pennsylvania
91%
Daytona Beach Florida
90%
Corpus Christi Texas
89%
Myrtle Beach South Carolina
86%
Chattanooga Tennessee
85%
Cedar Rapids Iowa
81%
Winston-Salem North Carolina
72%
South Lake Tahoe California
71%
Bowling Green Kentucky
70%
Poughkeepsie New York
68%
Jackson Hole Wyoming
68%
Couer d'Alene Idaho
66%
Newport News Virginia
65%
East Saint Louis Illinois
61%
Overland Park Kansas
61%
Kennebunkport Maine
61%
Hattiesburg Mississippi
59%
Grand Junction Colorado
55%
North Platte Nebraska
55%
Truth or Consequences New Mexico
53%
Lake Havasu City Arizona
52%
Lake Charles Louisiana
52%
Traverse City Michigan
49%
Narragansett Rhode Island
49%
Cape Girardeau Missouri
48%
West Lafayette Indiana
44%
Captain Cook Hawaii
41%
Klamath Falls Oregon
41%
Provincetown Massachusetts
36%
Shaker Heights Ohio
36%
Warner Robins Georgia
35%
Bainbridge Island Washington
35%
Boulder City Nevada
33%
Bethany Beach Delaware
31%
Stevens Point Wisconsin
29%
Ellicott City Maryland
26%
Midwest City Oklahoma
25%
Russellville Arkansas
24%
Dixville Notch New Hampshire
24%
Dauphin Island Alabama
23%
Chena Hot Springs Alaska
22%
Thief River Falls Minnesota
22%
Windsor Locks Connecticut
21%
Hungry Horse Montana
21%
Belle Fourche South Dakota
20%
White River Junction Vermont
20%
Watford City North Dakota
15%
Saint Albans West Virginia
14%
No matching quizzes found
Score Distribution
Percent of People with Each Score
Percentile by Number Answered
Your Score History
You have not taken this quiz